Statistiques concernant Pays du monde en 30 minutes

Cliquez ici pour prendre le quiz!

Statistiques générales

  • Ce quiz a été pris 808 fois
  • Le résultat moyen est 147 sur 196

Réponses sur la Carte

Les réponses sont colorées sur une échelle allant du rouge au vert en fonction du pourcentage des utilisateurs qui les ont devinées à leur premier essai. Vous pouvez retrouver ces pourcentages ci-dessous.
 

Statistiques - réponses

Pays% Correct
Canada
97%
États-Unis
97%
Espagne
96%
France
96%
Allemagne
95%
Belgique
95%
Brésil
95%
Italie
95%
Japon
95%
Mexique
95%
Portugal
95%
Russie
95%
Australie
94%
Chine
94%
Royaume-Uni
94%
Suisse
94%
Algérie
93%
Argentine
93%
Inde
93%
Irlande
93%
Maroc
93%
Ukraine
93%
Afrique du Sud
92%
Finlande
92%
Islande
92%
Chili
91%
Corée du Nord
91%
Corée du Sud
91%
Danemark
91%
Grèce
91%
Madagascar
91%
Norvège
91%
Pays-Bas
91%
Pologne
91%
Suède
91%
Turquie
91%
Égypte
90%
Tunisie
90%
Albanie
89%
Arabie Saoudite
89%
République Démocratique
du Congo
89%
République du Congo
89%
Autriche
88%
Colombie
88%
Roumanie
88%
Indonésie
87%
Lituanie
87%
Luxembourg
87%
Nouvelle-Zélande
87%
Pérou
87%
Croatie
86%
Cuba
86%
Estonie
86%
Iran
86%
Biélorussie
85%
Lettonie
85%
Mali
85%
Mongolie
85%
Uruguay
85%
Hongrie
84%
Niger
84%
Bolivie
83%
Irak
83%
Pakistan
83%
Paraguay
83%
Sénégal
83%
Slovaquie
83%
Bulgarie
82%
Israël
82%
Monaco
82%
Nigeria
82%
Venezuela
82%
Andorre
81%
Arménie
81%
Équateur
81%
Kazakhstan
81%
Libye
81%
Serbie
81%
Slovénie
81%
Thaïlande
81%
Afghanistan
80%
République Tchèque
80%
Chypre
79%
Qatar
79%
Yémen
79%
Côte d'Ivoire
78%
Guinée
78%
Liban
78%
Macédoine du Nord
78%
Malte
78%
Syrie
78%
Vatican
78%
Viêt Nam
78%
Cameroun
77%
Émirats Arabes Unis
77%
Costa Rica
76%
Kosovo
76%
Népal
76%
Ouzbékistan
76%
Somalie
76%
Soudan
76%
Bosnie-Herzégovine
75%
Éthiopie
75%
Haïti
75%
Laos
75%
Moldavie
75%
Monténégro
75%
Panama
75%
Zimbabwe
75%
Jamaïque
74%
Oman
74%
République Dominicaine
74%
Jordanie
73%
Philippines
73%
Cap-Vert
72%
Géorgie
72%
Guyana
72%
Honduras
72%
Kenya
72%
Papouasie-Nouvelle-
Guinée
72%
Suriname
72%
Angola
71%
Cambodge
71%
Guatemala
71%
Mauritanie
71%
Zambie
71%
Bangladesh
70%
Bénin
70%
Birmanie
70%
Liechtenstein
70%
Malaisie
70%
Sri Lanka
70%
Tchad
70%
Azerbaïdjan
69%
Ghana
69%
Nicaragua
69%
Togo
69%
Turkménistan
69%
Namibie
68%
Saint-Marin
68%
Taïwan
68%
Salvador
67%
Tanzanie
67%
Burkina Faso
66%
Comores
66%
Fidji
66%
Érythrée
65%
Gabon
65%
République Centrafricaine
65%
Soudan du Sud
65%
Bahamas
64%
Koweït
64%
Maurice
64%
Mozambique
64%
Ouganda
64%
Guinée Équatoriale
63%
Maldives
63%
Belize
62%
Bhoutan
62%
Guinée-Bissau
62%
Kirghizistan
62%
Rwanda
62%
Singapour
62%
Botswana
61%
Lesotho
60%
Liberia
60%
Seychelles
60%
Djibouti
59%
Dominique
59%
Sainte-Lucie
58%
Tadjikistan
58%
Bahreïn
56%
Barbade
56%
Malawi
56%
Gambie
55%
Trinité-et-Tobago
54%
Burundi
53%
Îles Marshall
53%
Sierra Leone
53%
Îles Salomon
52%
Eswatini
51%
Tonga
51%
Grenade
50%
Nauru
50%
Vanuatu
50%
Antigua-et-Barbuda
49%
Brunei
49%
Saint-Vincent-et-les-
Grenadines
49%
Kiribati
48%
Palaos
48%
Tuvalu
48%
États Fédérés de Micronésie
47%
Samoa
46%
Timor Oriental
46%
Saint-Christophe-
et-Niévès
45%
Sao Tomé-et-Principe
45%

Distribution des résultats

Percentile par nombre de réponses

% des personnes avec chaque résultat

Votre développement - résultats

Vous n’avez pas pris ce quiz